Design rules for actuators in active mechanical systems / (Record no. 33125)
[ view plain ]
| 000 -LEADER | |
|---|---|
| fixed length control field | 01350cam a22003857a 4500 |
| 001 - CONTROL NUMBER | |
| control field | 7767098 |
| 003 - CONTROL NUMBER IDENTIFIER | |
| control field | OSt |
| 005 - DATE AND TIME OF LATEST TRANSACTION | |
| control field | 20211119155559.0 |
| 006 - FIXED-LENGTH DATA ELEMENTS--ADDITIONAL MATERIAL CHARACTERISTICS | |
| fixed length control field | m d |
| 007 - PHYSICAL DESCRIPTION FIXED FIELD--GENERAL INFORMATION | |
| fixed length control field | cr n |
| 008 - FIXED-LENGTH DATA ELEMENTS--GENERAL INFORMATION | |
| fixed length control field | 090322s2010 enka sb 001 0 eng d |
| 015 ## - NATIONAL BIBLIOGRAPHY NUMBER | |
| National bibliography number | GBA963122 |
| Source | bnb |
| 016 7# - NATIONAL BIBLIOGRAPHIC AGENCY CONTROL NUMBER | |
| Record control number | 015298048 |
| Source | Uk |
| 020 ## - INTERNATIONAL STANDARD BOOK NUMBER | |
| International Standard Book Number | 9781848826137 (hbk.) |
| 035 ## - SYSTEM CONTROL NUMBER | |
| System control number | (WaSeSS)ssj0000315513 |
| 038 ## - RECORD CONTENT LICENSOR | |
| Staff Name | Khadija |
| 040 ## - CATALOGING SOURCE | |
| Original cataloging agency | UKM |
| Transcribing agency | UKM |
| Modifying agency | C#P |
| -- | CDX |
| -- | YDXCP |
| -- | MUU |
| -- | DLC |
| -- | WaSeSS |
| 042 ## - AUTHENTICATION CODE | |
| Authentication code | lccopycat |
| 050 #4 - LIBRARY OF CONGRESS CALL NUMBER | |
| Classification number | TJ223.A25 |
| Item number | G66 2010 |
| 050 #4 - LIBRARY OF CONGRESS CALL NUMBER | |
| Classification number | TJ223.A25 |
| 082 04 - DEWEY DECIMAL CLASSIFICATION NUMBER | |
| Classification number | 629.8315 |
| Edition number | 22 |
| Author Mark | GOM |
| 100 1# - MAIN ENTRY--PERSONAL NAME | |
| Personal name | Gomis-Bellmunt, Oriol. |
| 9 (RLIN) | 84665 |
| 210 10 - ABBREVIATED TITLE | |
| Abbreviated title | Design rules for actuators in active mechanical systems |
| 245 10 - TITLE STATEMENT | |
| Title | Design rules for actuators in active mechanical systems / |
| Statement of responsibility, etc. | Oriol Gomis-Bellmunt, Lucio Flavio Campanile. |
| 260 ## - PUBLICATION, DISTRIBUTION, ETC. | |
| Place of publication, distribution, etc. | London ; |
| -- | New York : |
| Name of publisher, distributor, etc. | Springer, |
| Date of publication, distribution, etc. | c2010. |
| 504 ## - BIBLIOGRAPHY, ETC. NOTE | |
| Bibliography, etc. note | Includes bibliographical references and index. |
| 506 ## - RESTRICTIONS ON ACCESS NOTE | |
| Terms governing access | License restrictions may limit access. |
| 563 ## - BINDING INFORMATION | |
| Binding note | HB |
| 650 #0 - SUBJECT ADDED ENTRY--TOPICAL TERM | |
| Topical term or geographic name entry element | Actuators. |
| 9 (RLIN) | 84666 |
| 700 1# - ADDED ENTRY--PERSONAL NAME | |
| Personal name | Campanile, Lucio Flavio. |
| 9 (RLIN) | 84667 |
| 773 #0 - HOST ITEM ENTRY | |
| Title | SpringerLink ebooks - Engineering (2010) |
| 856 40 - ELECTRONIC LOCATION AND ACCESS | |
| Uniform Resource Identifier | <a href="http://www.columbia.edu/cgi-bin/cul/resolve?clio7767098">http://www.columbia.edu/cgi-bin/cul/resolve?clio7767098</a> |
| Public note | Full text available from SpringerLink ebooks - Engineering (2010) |
| 910 ## - USER-OPTION DATA (OCLC) | |
| User-option data | Library of Congress record |
| 942 ## - ADDED ENTRY ELEMENTS (KOHA) | |
| Source of classification or shelving scheme | |
| Koha item type | Book |
| Withdrawn status | Lost status | Source of classification or shelving scheme | Damaged status | Not for loan | Permanent Location | Current Location | Shelving location | Date acquired | Full call number | Barcode | Date last seen | Price effective from | Koha item type |
|---|---|---|---|---|---|---|---|---|---|---|---|---|---|
| School of Mechanical & Manufacturing Engineering (SMME) | School of Mechanical & Manufacturing Engineering (SMME) | General Stacks | 12/29/2015 | 629.8315 GOM | SMME-1930 | 03/29/2018 | 12/29/2015 | Book |
